| 000 | 00477nam a22001217a 4500 | ||
|---|---|---|---|
| 999 |
_c21383 _d21383 |
||
| 008 | 240906b ||||| |||| 00| 0 eng d | ||
| 100 |
_aNelmida, Michael Thomas. _eauthor. _960301 |
||
| 245 |
_aIntelektuwalisasyon ng Filipino / _cMichael Thomas Nelmida. |
||
| 260 |
_aPhilippines; _bPublishers Association of the Philippines, Inc., _cAugust 2019. |
||
| 300 |
_aVolume 168, pages 110-111, _billustration. |
||
| 700 |
_aNelmida, Michael Thomas. _eauthor. _960301 |
||
| 942 |
_2ddc _cPER |
||